000 00533 a2200181 4500
003 OSt
005 20231205101647.0
008 231205b |||||||| |||| 00| 0 eng d
020 _a9789395767040
040 _coclc
082 _a894.8123
_bTRI/V
100 _aTripathi, Amish
_910023
245 _aVayuputhranmarude Sapadham= The Oath of the Vayuputras /
_cAmish Tripathi
250 _a1st ed.
260 _aChennai:
_bEka,
_c2022.
300 _a570p.
942 _2ddc
_cBK
_h894.8123
_iTRI/V
_k894.8123
_mTRI/V
999 _c43971
_d43971